[Event "POL-chT U18 1st"]
[Site "Poland"]
[Date "2022.06.30"]
[Round "6.2"]
[White "Kozlowski, Franciszek"]
[Black "Klaska, Szymon"]
[Result "1/2-1/2"]
[WhiteElo "1663"]
[BlackElo "1563"]
[PlyCount "111"]
[EventDate "2022.06.25"]
[EventType "team-swiss"]
[EventRounds "9"]
[EventCountry "POL"]
[SourceTitle "EXT 2023"]
[Source "ChessBase"]
[SourceDate "2022.10.05"]
[SourceVersion "1"]
[SourceVersionDate "2022.10.05"]
[SourceQuality "1"]
[WhiteTeam "Wieliczka MKS MOS"]
[BlackTeam "Kalisz KTS"]
[WhiteTeamCountry "POL"]
[BlackTeamCountry "POL"]

1. d4 d5 2. Nf3 Nf6 3. e3 Bg4 4. h3 Bh5 5. Be2 e6 6. Ne5 Bxe2 7. Qxe2 Nbd7 8. Nxd7 Qxd7 9. 0-0 Bd6 10. Nd2 0-0 11. e4 e5 12. dxe5 Bxe5 13. exd5 Qxd5 14. Qc4 Rfe8 15. Qxd5 Nxd5 16. Nf3 Bf6 17. c3 a5 18. Bd2 a4 19. Rac1 Nb6 20. Rfe1 Nc4 21. Rxe8+ Rxe8 22. Rc2 h6 23. Kf1 g5 24. Bc1 Kg7 25. b3 axb3 26. axb3 Na5 27. Nd2 Re6 28. b4 Nc6 29. f3 Ne5 30. Ne4 Be7 31. Re2 Ra6 32. Be3 Kg6 33. Bd4 Nd3 34. g3 f5 35. Nd2 Bf6 36. Re3 Ra1+ 37. Ke2 Nc1+ 38. Kf2 Bxd4 39. cxd4 Ra2 40. Ke1 Ra4 41. Re6+ Kh5 42. Nf1 g4 43. hxg4+ fxg4 44. fxg4+ Kxg4 45. Rxh6 Rxb4 46. Kd2 Na2 47. Kd3 Rb3+ 48. Kc2 Rb4 49. Rh7 c6 50. Rg7+ Kf5 51. Nd2 Rxd4 52. Rxb7 Nb4+ 53. Kc3 Rd3+ 54. Kxb4 Rxd2 55. Kc5 Rc2+ 56. Kd4 1/2-1/2

[Event "POL-chT U18 1st"]
[Site "Poland"]
[Date "2022.06.25"]
[Round "1.2"]
[White "Bartodziej, Bartosz"]
[Black "Klaska, Szymon"]
[Result "1-0"]
[WhiteElo "1809"]
[BlackElo "1563"]
[PlyCount "39"]
[EventDate "2022.06.25"]
[EventType "team-swiss"]
[EventRounds "9"]
[EventCountry "POL"]
[SourceTitle "EXT 2023"]
[Source "ChessBase"]
[SourceDate "2022.10.05"]
[SourceVersion "1"]
[SourceVersionDate "2022.10.05"]
[SourceQuality "1"]
[WhiteTeam "Warszawa Polonia"]
[BlackTeam "Kalisz KTS"]
[WhiteTeamCountry "POL"]
[BlackTeamCountry "POL"]

1. e4 c5 2. Nf3 e6 3. d4 cxd4 4. Nxd4 Nf6 5. Nc3 d6 6. Be2 a6 7. 0-0 Be7 8. f4 Qc7 9. Kh1 b5 10. e5 dxe5 11. fxe5 Qxe5 12. Bf4 Qc5 13. Bf3 Nd5 14. Nxd5 exd5 15. Nb3 Qa7 16. Qxd5 Bb7 17. Qxb7 Qxb7 18. Bxb7 Ra7 19. Bd5 0-0 20. Bxb8 1-0